000 00493nam a2200193Ia 4500
008 151121s9999||||xx |||||||||||||| ||und||
082 _a796/Wri
082 _bHNW-37313
100 _aWright Doug
245 _aCricket Skills and Techniques
260 _bVikas Pub। House Pvt। Ltd।
260 _c--
300 _a121
600 _aWright Doug
630 _aCricket Skills and Techniques
700 _aWright Doug
730 _aCricket Skills and Techniques
942 _cBOOK
999 _c1228799
_d1228796